1910 1701 1701 1840 1005 1921 1906 1562 1813 1662 1179 1259 1510 1203 1425 1449 1107 1594 1965 1973 1933 1567 1151 1590 1083 1482 1018 1043 1143 1126 1374 1903 1726 1289 1931 1660 1155 1701 1357 1269 1543 1704 1492 1090 1996 1203 1793 1851 1603 1208 1403 1397 1096 1864 1389 1894 1885 1494 1346 1011 1803 1711 1321 1114 1702 1458 1191 1663 1954 1742 1661 1274 1233 1922 1353 1922 1149 1751 1193 1394 1187 1000 1708 1667 1190 1003 1043 1396 1045 1858 1251 1553 1410 1871 1167 1499 1118 1734 1162 BCNSPRNW ULIB Ver.6.0+V

เปลี่ยนเป็นภาษาไทย

Change to English
 แสดงรายละเอียดบรรณานุกรม
  กลับหน้าหลัก

Brief Record : Get Marc (ISO 2709) : E-mail record : QR code < ปิดหน้าต่าง
LEADER : 00000nam 2200000uu 4500
001    13399125832
003     ULIB
008    020711s2018 th a 000 0 eng d
020    ^a9780323400695
060    ^aWY150^bH-C
100    ^aHerdman, T.H.
245    ^aClinical Nursing Skills & Techniques/^cHerdman, T.H.
250    ^a9th ed
260    ^aLouis,Missouri :^bElsevier,^c2018
300    ^a1180 pages;^c30 cm
650    ^aNursing-Skills^xClinical
945    ^p3604^l0^i003209
999    ^aประนอม เกษจรัล
รายการนี้ยังไม่มีแท็ก
คุณยังไม่ได้ล็อกอิน คุณสามารถมีกิจกรรมร่วมกับเว็บไซต์ได้ แต่ต้องล็อกอินก่อน ::
  ล็อกอิน

รายการสื่อสารสนเทศ

ลำดับที่ ประเภท เลขเรียก/บาร์โค้ด สถานที่ สถานะ
1. วิทยาศาสตร์การแพทย์ และสุขภาพ
หนังสือสำรอง
สถานะ=หนังสือสำรอง
WY150 H-C ฉ.1 
  Barcode: 003209
ห้องสมุดวิทยาเขตสวรรค์ประชารักษ์
►หนังสือทั่วไป
บนชั้น

BibComment


ยังไม่เคยถูกคอมเมนท์

คอมเมนท์ทรัพยากรรายการนี้
  คอมเมนท์: Clinical Nursing..


 Copyright 2026. Bcnsprnw @Library